English translation of bharatiya jyotish sastra (Record no. 1373615)

MARC details
000 -LEADER
fixed length control field 00832nam a2200301Ia 4500
008 - FIXED-LENGTH DATA ELEMENTS--GENERAL INFORMATION
fixed length control field 160321s9999||||xx |||||||||||||| ||und||
040 ## - CATALOGING SOURCE
Transcribing agency English
082 ## - DEWEY DECIMAL CLASSIFICATION NUMBER
Classification number viii.A/Dixit
082 ## - DEWEY DECIMAL CLASSIFICATION NUMBER
Item number BORI-99747
100 ## - MAIN ENTRY--PERSONAL NAME
Personal name Shankar Balkrushna dixit
245 ## - TITLE STATEMENT
Title English translation of bharatiya jyotish sastra
260 ## - PUBLICATION, DISTRIBUTION, ETC. (IMPRINT)
Place of publication, distribution, etc Delhi
260 ## - PUBLICATION, DISTRIBUTION, ETC. (IMPRINT)
Name of publisher, distributor, etc The controller of publications
260 ## - PUBLICATION, DISTRIBUTION, ETC. (IMPRINT)
Date of publication, distribution, etc 1981
300 ## - PHYSICAL DESCRIPTION
Extent 21+411
300 ## - PHYSICAL DESCRIPTION
Other physical details 2
300 ## - PHYSICAL DESCRIPTION
Dimensions C
300 ## - PHYSICAL DESCRIPTION
Accompanying material Hardbound
530 ## - ADDITIONAL PHYSICAL FORM AVAILABLE NOTE
Uniform Resource Identifier <a href="00099631.pdf">00099631.pdf</a>
563 ## - BINDING INFORMATION
Binding note Study
600 ## - SUBJECT ADDED ENTRY--PERSONAL NAME
Personal name Shankar Balkrushna dixit
630 ## - SUBJECT ADDED ENTRY--UNIFORM TITLE
Uniform title English translation of bharatiya jyotish sastra
650 ## - SUBJECT ADDED ENTRY--TOPICAL TERM
Topical term or geographic name as entry element "Astronomy,Astrology,Maths"
650 ## - SUBJECT ADDED ENTRY--TOPICAL TERM
Topical term or geographic name as entry element Technical science
700 ## - ADDED ENTRY--PERSONAL NAME
Personal name Shankar Balkrushna dixit
730 ## - ADDED ENTRY--UNIFORM TITLE
Uniform title English translation of bharatiya jyotish sastra
942 ## - ADDED ENTRY ELEMENTS (KOHA)
Koha item type Book
Holdings
Withdrawn status Lost status Damaged status Not for loan Home library Current library Date acquired Cost, normal purchase price Total Checkouts Full call number Barcode Date last seen Cost, replacement price Price effective from Koha item type
        Bhandarkar Oriental Research Institute, Pune Bhandarkar Oriental Research Institute, Pune   99.00   BORI-99747 BORI-99747 03/21/2016 99.00 03/21/2016 Book